| 000 | 00390nam a2200145Ia 4500 | ||
|---|---|---|---|
| 005 | 20251222153617.0 | ||
| 008 | 251222s9999||||xx |||||||||||||| ||spa|| | ||
| 020 | _a9789972042195 | ||
| 082 | _a347.301/V65 | ||
| 100 | _aVilela Carbajal, Jorge Eduardo | ||
| 245 | 0 | _aLa Protección al Consumidor en la Jurisprudencia del Indecopi | |
| 250 | _a1ra. ed. | ||
| 264 | _bGrijley | ||
| 942 | _cLIB | ||
| 999 |
_c31836 _d31836 |
||